000
00245nam a2200097Ia 4500
001
1253337
005
20251031150952.0
008
251031s9999 xx 000 0 und d
245
0
_c
AHMET ŞİMŞİRGİL
_a
Y-1 OTAĞ 1
260
_b
TİMAŞ YAYINLARI
999
_c
1253337
_d
1253337